[Event "Oberfranken-ch"]
[Site "Kronach"]
[Date "2023.11.02"]
[Round "1"]
[White "Koch, Christian1"]
[Black "Holland, Marcell"]
[Result "1-0"]
[WhiteElo "1989"]
[BlackElo "1575"]
[PlyCount "45"]
[EventDate "2023.11.02"]
[EventType "swiss"]
[EventRounds "7"]
[EventCountry "GER"]
[SourceTitle "CB46_2023"]
[SourceDate "2023.11.15"]
[SourceVersion "1"]
[SourceVersionDate "2023.11.15"]
[SourceQuality "1"]

1. e4 e5 2. f4 exf4 3. Nf3 g5 4. Bc4 g4 5. 0-0 Qe7 6. d4 d6 7. Bxf4 gxf3 8. Qxf3 Bg7 9. e5 dxe5 10. Bxe5 f6 11. Bg3 Qd7 12. d5 b5 13. d6 bxc4 14. Qxa8 Nc6 15. Nc3 Kf7 16. Rad1 Ba6 17. dxc7 Nge7 18. Qxh8 Qxd1 19. Qxg7+ Kxg7 20. Rxd1 Kf7 21. Rd8 Nc8 22. Ne4 Ke6 23. Nc5+ 1-0